000 00371nam a2200121 4500
999 _c10651
_d10651
008 180913b ||||| |||| 00| 0 eng d
100 _931111
_aRamirez, Robertzon
245 _aDuterte to protect pro-democracy journalists/
_cRobertzon Ramirez
260 _aPhilippines
_bThe Philippine Star
_cc2016
300 _apage 4.
650 0 _931112
_aJournalist.
942 _2ddc
_cPER